000 00458nam a2200157Ia 4500
003 GCL
008 140319s9999 xx 000 0 eng d
040 _aGCL /
_cGCL
082 0 4 _aCH
_b030
_bE C
100 1 _aDEUTSCHES MUSEUM MUNCHEN
245 1 0 _aCHILDREN'S BRITANNICA /
_cDEUTSCHES MUSEUM MUNCHEN
260 _a[S.N] :
_bENCYCLOPEDIA BRITANNICA,INC. ،
_c1993
650 0 4 _aENGLISH LANGUAGE
650 0 4 _aENCYCLOPEDIAS AND DICTIONARIES
942 _2ddc
_cBK
999 _c16759
_d16759